Online
Catalog

Presencia étnica en San Pedro de Macorís / (Record no. 21333)

MARC details
000 -CABECERA
campo de control de longitud fija 02171nam a2200373 a 4500
001 - NÚMERO DE CONTROL
campo de control 000021835
003 - IDENTIFICADOR DEL NÚMERO DE CONTROL
campo de control DO-SdBNP
005 - FECHA Y HORA DE LA ÚLTIMA TRANSACCIÓN
campo de control 20240307174645.0
007 - CAMPO FIJO DE DESCRIPCIÓN FÍSICA--INFORMACIÓN GENERAL
campo de control de longitud fija ta
008 - DATOS DE LONGITUD FIJA--INFORMACIÓN GENERAL
campo de control de longitud fija 100913s2000 dr ac 001 0 spa d
020 ## - NÚMERO INTERNACIONAL ESTÁNDAR DEL LIBRO
ISBN cancelado o inválido 8489536995
040 ## - FUENTE DE LA CATALOGACIÓN
Centro catalogador/agencia de origen DO-SdBNP
Lengua de catalogación spa
Centro/agencia transcriptor BNPHU
082 #4 - NÚMERO DE LA CLASIFICACIÓN DECIMAL DEWEY
Número de clasificación 305.89729382
Número de documento/Ítem P933e
Número de edición 22
245 00 - MENCIÓN DE TÍTULO
Título Presencia étnica en San Pedro de Macorís /
Mención de responsabilidad, etc. Manuel García Arévalo... [et. al.] ; presentación José Hazim Frapier.
260 ## - PUBLICACIÓN, DISTRIBUCIÓN, ETC.
Lugar de publicación, distribución, etc. Santo Domingo :
Nombre del editor, distribuidor, etc. Universidad Central del Este,
Fecha de publicación, distribución, etc. 2000.
300 ## - DESCRIPCIÓN FÍSICA
Extensión 163 p. :
Otras características físicas ilustraciones ;
Dimensiones 24 cm.
490 1# - MENCIÓN DE SERIE
Mención de serie XXX Aniversario de la UCE ;
Designación de volumen o secuencia 1
504 ## - NOTA DE BIBLIOGRAFÍA, ETC.
Nota de bibliografía, etc. Incluye referencias bibliográficas y notas al pie de páginas.
505 0# - NOTA DE CONTENIDO CON FORMATO
Nota de contenido con formato Presentación /
Mención de responsabilidad José Hazim Frapier --
Título La presencia española en San Pedro de Macorís /
Mención de responsabilidad Manuel García Arévalo --
Título Inmigración cubana en San Pedro de Macorís : su incidencia en el desarrollo de la provincia y del país /
Mención de responsabilidad Fermín Álvarez Santana --
Título Aportes económicos, sociales y culturales de la inmigración puertorriqueña en San Pedro de Macorís /
Mención de responsabilidad Fermín Álvarez Santana --
Título El aporte de los cocoló a la cultura de San Pedro de Macorís /
Mención de responsabilidad Julio César Mota Acosta --
Título Los árabes en San Pedro de Macorís /
Mención de responsabilidad Orlando Inoa --
Título Incidencia de la étnia haitiana en San Pedro de Macorís /
Mención de responsabilidad Rafael Jarvis Luis --
Información miscelánea Conclusión.
590 ## - NOTA LOCAL (RLIN)
Nota local Inventariado, 2018/BT
650 #4 - PUNTO DE ACCESO ADICIONAL DE MATERIA--TÉRMINO DE MATERIA
Término de materia o nombre geográfico como elemento de entrada Composición étnica
Subdivisión geográfica San Pedro De Macorís (República Dominicana{Rpara}
9 (RLIN) 45343
650 #4 - PUNTO DE ACCESO ADICIONAL DE MATERIA--TÉRMINO DE MATERIA
Término de materia o nombre geográfico como elemento de entrada Composición de la población
Subdivisión geográfica San Pedro De Macorís (República Dominicana{Rpara}
9 (RLIN) 45344
650 #4 - PUNTO DE ACCESO ADICIONAL DE MATERIA--TÉRMINO DE MATERIA
Término de materia o nombre geográfico como elemento de entrada Identidad cultural
Subdivisión geográfica San Pedro De Macorís (República Dominicana{Rpara}
9 (RLIN) 45345
651 #4 - PUNTO DE ACCESO ADICIONAL DE MATERIA--NOMBRE GEOGRÁFICO
Nombre geográfico República Dominicana
Subdivisión general Características Nacionales
9 (RLIN) 1720
700 1# - PUNTO DE ACCESO ADICIONAL--NOMBRE DE PERSONA
Nombre de persona García Arévalo, Manuel Antonio,
Fechas asociadas al nombre 1948-
9 (RLIN) 59457
700 1# - PUNTO DE ACCESO ADICIONAL--NOMBRE DE PERSONA
Nombre de persona Alvarez Santana, Fermín
9 (RLIN) 7814
700 1# - PUNTO DE ACCESO ADICIONAL--NOMBRE DE PERSONA
Nombre de persona Mota Acosta, Julio César
9 (RLIN) 45346
700 1# - PUNTO DE ACCESO ADICIONAL--NOMBRE DE PERSONA
Nombre de persona Inoa, Orlando
9 (RLIN) 5784
700 1# - PUNTO DE ACCESO ADICIONAL--NOMBRE DE PERSONA
Nombre de persona Jarvis Luis, Rafael
9 (RLIN) 21006
700 1# - PUNTO DE ACCESO ADICIONAL--NOMBRE DE PERSONA
Nombre de persona Hazim, José,
Fechas asociadas al nombre presentación
9 (RLIN) 45347
830 #0 - PUNTO DE ACCESO ADICIONAL DE SERIE-TÍTULO UNIFORME
Título uniforme XXX Aniversario de la UCE ;
Número de parte o sección de la obra 1
9 (RLIN) 45348
910 ## - DATOS DE OPCIÓN DEL USUARIO (OCLC)
Datos de opción del usuario Validado. Control de calidad. EMS
942 ## - ELEMENTOS DE PUNTO DE ACCESO ADICIONAL (KOHA)
Fuente del sistema de clasificación o colocación Dewey Decimal Classification
Tipo de ítem Koha Libro
Holdings
Estado de retiro Estado de pérdida Fuente del sistema de clasificación o colocación Restricciones de uso No para préstamo Código de colección Localización permanente Ubicación/localización actual Ubicación en estantería Fecha de adquisición Signatura topográfica completa Código de barras Fecha visto por última vez Precio válido a partir de Tipo de ítem Koha Número de copia Fuente de adquisición Total de préstamos
    Dewey Decimal Classification Excluido de préstamo   Patrimonio Dominicano Biblioteca Nacional Pedro Henríquez Ureña Biblioteca Nacional Pedro Henríquez Ureña Depósito 13.09.2010 BNPHU PD 305.89729382 P933e 21835-10 25.06.2020 25.06.2020 Libro      
    Dewey Decimal Classification Excluido de préstamo   Patrimonio Dominicano Biblioteca Nacional Pedro Henríquez Ureña Biblioteca Nacional Pedro Henríquez Ureña Depósito 01.07.2013 BNPHU PD 305.89729382 P933e 21835-20 25.06.2020 25.06.2020 Libro e. 2    
    Dewey Decimal Classification Préstamo en sala   Dominicana de Servicio Biblioteca Nacional Pedro Henríquez Ureña Biblioteca Nacional Pedro Henríquez Ureña Depósito 22.02.2023 BNPHU DS 305.89729382 P933e 2023-1068 22.02.2023 22.02.2023 Libro e.3 Donación  

Powered by Koha